| Tag |
First Indicator |
Second Indicator |
Subfields |
| LEADER |
00000cam a2200000 i 4500 |
| 001 |
in00000029626 |
| 005 |
20151007062852.0 |
| 008 |
770929s1947 maua 00010 eng d |
| 010 |
|
|
|a 48012584
|
| 035 |
|
|
|a (OCoLC)03306209
|
| 035 |
|
|
|9 AAD5979AM
|
| 040 |
|
|
|a ISE
|c ISE
|d TXA
|d UtOrBLW
|
| 049 |
|
|
|a TXAM
|c [450646]
|
| 090 |
|
|
|a TR150
|b .W3 1947
|
| 092 |
|
|
|a 770
|b W187p
|
| 100 |
1 |
|
|a Wall, E. J.
|q (Edward John),
|d 1860-1928.
|
| 245 |
1 |
0 |
|a Photographic facts and formulas /
|c by E. J. Wall ... Revised and largely rewritten by Franklin I. Jordan ...
|
| 264 |
|
1 |
|a Boston :
|b American Photographic Pub. Co.,
|c 1947.
|
| 300 |
|
|
|a vii, 384 pages :
|b 1 illustration, diagrams ;
|c 24 cm.
|
| 336 |
|
|
|a text
|b txt
|2 rdacontent
|
| 337 |
|
|
|a unmediated
|b n
|2 rdamedia
|
| 338 |
|
|
|a volume
|b nc
|2 rdacarrier
|
| 650 |
|
0 |
|a Photography.
|
| 700 |
1 |
|
|a Jordan, Franklin Ingalls,
|d 1876-
|
| 999 |
|
|
|a MARS
|
| 999 |
f |
f |
|s a538645a-e7cf-37f7-b376-8d540169963b
|i 90859e36-a535-316b-abfd-431fa9752f9e
|t 0
|
| 952 |
f |
f |
|p ric
|a Texas A&M University
|b Rellis Campus
|c Joint Library Facility
|d Remote Storage
|t 0
|e TR150 .W3 1947
|h Library of Congress classification
|i unmediated -- volume
|m A14801160452
|
| 998 |
f |
f |
|a TR150 .W3 1947
|t 0
|l Remote Storage
|